Widok standardowy
Widok MARC
Pozycja Personal Name
Liczba rekordów, w których użyto hasła: 1
001 - Numer kontrolny
- control field: 40519
003 - Identyfikator numeru kontrolnego
- control field: NUKAT
005 - Data i czas ostatniej modyfikacji
- control field: 20260425105904.0
008 - Dane kontrolne kodowane (40 znaków)
- fixed length control field: 030806n||a|znnaabn |a aaa |c
010 ## - Numer kontrolny Biblioteki Kongresu
- numer kontrolny LC: n 2003099303
040 ## - Instytucja sporządzająca rekord
- inst. przygot. dane do rek. khw: LUBL M/mm
- język haseł przedmiotowych/tezaurus: kaba
- inst. wprow. rek. khw: LUBL M/mm
100 1# - Hasło - nazwa osobowa
- nazwa osobowa w formie ujednoliconej: Burzyński, Piotr
- daty biograficzne: (1819-1879).
670 ## - Źródło informacji
- źródło informacji: Kp. Prawo polskie prywatne. T. 1 / przez Piotra Burzyńskiego. - Kraków, 1867.
670 ## - Źródło informacji
- źródło informacji: PSB